000 00524nam a2200193Ia 4500
008 101110s9999 xx 000 0 und d
041 _aMARATHI
082 _bSR12556
100 _aKshirsagar R.N.
245 _aJahirat Kala Va Vikray Vyavasthapanachi Multatve
365 _b15
520 _aCommerce
546 _aMARATHI
630 _aJahirat Kala Va Vikray Vyavasthapanachi Multatve
650 _aCommerce
655 _aCommerce
730 _aJahirat Kala Va Vikray Vyavasthapanachi Multatve
942 _cBOOK
999 _c806985
_d806982